000 00444nam a2200181Ia 4500
005 20250508150402.0
008 008 250505s9999 xx 000 0 eng d
037 _aTextual
040 _aFEDL
_beng
_cFEDL
041 _aeng
_2eng
084 _a364, REI
_qFEDL
100 _aReik Theordor
_9756560
245 0 _aUnknown murderer
260 _c1936
300 _a260p.
942 _cTEXL
_h364, REI
999 _c1323343
_d1323343